| 000 | 00000nam##2200000za#4500 |
| 001 | 9.643286 |
| 003 | CaOODSP |
| 005 | 20210624224110 |
| 007 | cr ||||||||||| |
| 008 | 150407|1980||||xxc|||||o f|0| 0 fre|d |
| 040 | |aCaOODSP|bfre |
| 043 | |an-cn--- |
| 086 | 1 |aA53-1534/1980F-PDF |
| 110 | 1 |aCanada.|bAgriculture Canada. |bDirection générale de recherche. |
| 245 | 10|aGuide canadien d'utilisation des fumiers / |h[ressource électronique]|cpublication [...] révisée par le Comité pour le traitement des fumiers sous l'autorité du Comité canadien du génie rural. |
| 260 | |aOttawa - Ontario : |bAgriculture Canada. |c1973, révision 1980. |
| 300 | |a36p.|bfigures, graphique, tableaux |
| 500 | |aPublication historique numérisée par Agriculture et Agroalimentaire Canada. Pas de références bibliographiques dans l'édition française. |
| 590 | |a14-11-Supp|b2014-05-21 |
| 691 | 07|aFumier|2gcpds |
| 775 | 08|tCanada animal manure management guide / |w(CaOODSP)9.699306 |
| 856 | 40|ahttp://publications.gc.ca|qPDF|s2.4 Mo|uhttps://publications.gc.ca/collections/collection_2014/aac-aafc/agrhist/A53-1534-1980-fra.pdf |
| 986 | |a1534 |